| 000 | 00635nam a2200229 a 4500 | ||
|---|---|---|---|
| 001 | BRL_100 | ||
| 005 | 20190320210605.0 | ||
| 008 | 780626s1974 mx-a######---#000-0#spa-# | ||
| 040 |
_aDLC _cDLC _dDLC |
||
| 041 | _aspa | ||
| 044 | _amx | ||
| 050 | 4 |
_aDS128.1 _b.V63 1974 |
|
| 245 | 1 | 0 |
_aVoces mexicanas en la guerra de Yom Kipur _cprólogo de Andrés Henestrosa. |
| 260 |
_aMéxico _bTribuna _c1974 |
||
| 300 |
_a183 p. _bil. _c21 cm. |
||
| 440 | 0 |
_aColección Mundo contemporáneo _922911 |
|
| 500 | _aAu131 | ||
| 650 | 1 | 4 |
_aGuerra arabe-israelita, 1973 _922912 |
| 650 | 1 | 4 |
_aJudío-árabes _922913 |
| 902 | _aGRL | ||
| 942 |
_2lcc _cB |
||
| 999 |
_c8913 _d8913 |
||